000
00211 a2200097 4500
001
20043
100
_a
Schofield H
245
_a
Assessment & testing
260
_a
_b
Allen & united Ltd
_c
090
_c
14637
_d
14637
942
_a
NUST-CAE
_c
M
_c
5155
999
_c
255116
_d
255116